Statistiken für Sieger des Europapokal der Pokalsieger

Klicken Sie hier um das Quiz zu spielen!

Allgemein

  • Dieses Quiz wurde 29 mal gespielt
  • Das Durchschnittsergebnis liegt bei 20 aus 39

Antwortstatistiken

SaisonSieger% Korrekt
1983/84 Juventus Turin
88%
1986/87 Ajax Amsterdam
83%
1996/97FC Barcelona
83%
1978/79 FC Barcelona
83%
1981/82FC Barcelona
83%
1988/89FC Barcelona
83%
1966/67 FC Bayern München
83%
1967/68 AC Mailand
79%
1972/73AC Mailand
79%
1993/94 FC Arsenal
75%
1990/91 Manchester United
75%
1997/98FC Chelsea
71%
1970/71 FC Chelsea
71%
1965/66 Borussia Dortmund
63%
1962/63 Tottenham Hotspur
63%
1961/62 Atlético Madrid
58%
1979/80 FC Valencia
58%
1971/72 Glasgow Rangers
58%
1998/99 Lazio Rom
58%
1995/96 Paris Saint-Germain
58%
1991/92 Werder Bremen
58%
1973/74 1. FC Magdeburg
54%
1963/64 Sporting Lissabon
54%
1976/77 Hamburger SV
50%
1984/85 FC Everton
46%
1969/70 Manchester City
42%
1977/78RSC Anderlecht
42%
1975/76 RSC Anderlecht
42%
1960/61 AC Florenz
38%
1985/86Dynamo Kiew
29%
1974/75 Dynamo Kiew
29%
1992/93 AC Parma
25%
1989/90 Sampdoria Genua
25%
1964/65 West Ham United
25%
1980/81 Dinamo Tiflis
13%
1982/83 FC Aberdeen
8%
1987/88 KV Mechelen
8%
1994/95 Real Saragossa
4%
1968/69 ŠK Slovan Bratislava
0%

Verteilung der Resultate

Perzentil nach korrekt beantworteten Fragen

Anzahl Personen mit jedem Resultat

Ihre Resultats-Entwicklung

Sie haben dieses Quiz noch nicht gespielt